|
|
|
|
| LEADER |
02277nam a2200457 4500 |
| 001 |
978-981-10-6659-7 |
| 003 |
DE-He213 |
| 005 |
20190617201420.0 |
| 007 |
cr nn 008mamaa |
| 008 |
180301s2018 si | s |||| 0|eng d |
| 020 |
|
|
|a 9789811066597
|9 978-981-10-6659-7
|
| 024 |
7 |
|
|a 10.1007/978-981-10-6659-7
|2 doi
|
| 040 |
|
|
|d GrThAP
|
| 050 |
|
4 |
|a RC254-282
|
| 072 |
|
7 |
|a MJCL
|2 bicssc
|
| 072 |
|
7 |
|a MED062000
|2 bisacsh
|
| 072 |
|
7 |
|a MJCL
|2 thema
|
| 082 |
0 |
4 |
|a 616.994
|2 23
|
| 100 |
1 |
|
|a Mukherji, Ashutosh.
|e author.
|4 aut
|4 http://id.loc.gov/vocabulary/relators/aut
|
| 245 |
1 |
0 |
|a Basics of Planning and Management of Patients during Radiation Therapy
|h [electronic resource] :
|b A Guide for Students and Practitioners /
|c by Ashutosh Mukherji.
|
| 250 |
|
|
|a 1st ed. 2018.
|
| 264 |
|
1 |
|a Singapore :
|b Springer Singapore :
|b Imprint: Springer,
|c 2018.
|
| 300 |
|
|
|a XVII, 403 p. 88 illus., 86 illus. in color.
|b online resource.
|
| 336 |
|
|
|a text
|b txt
|2 rdacontent
|
| 337 |
|
|
|a computer
|b c
|2 rdamedia
|
| 338 |
|
|
|a online resource
|b cr
|2 rdacarrier
|
| 347 |
|
|
|a text file
|b PDF
|2 rda
|
| 505 |
0 |
|
|a Section I: Approaching a cancer patient -- Section II: Principles of application of radiotherapy -- Section III: Use of other agents with radiation -- Section IV: Managing radiotherapy.
|
| 520 |
|
|
|a This book summarizes the do's and don'ts of managing a patient receiving radiotherapy as well as how to manage common day to day situations that one comes across in radiation oncology practice. It serves as a useful guide for radiation oncology practitioners for practical exams. This book offers assistance to young radiotherapists in handling cancer patients.
|
| 650 |
|
0 |
|a Oncology .
|
| 650 |
|
0 |
|a Radiotherapy.
|
| 650 |
1 |
4 |
|a Oncology.
|0 http://scigraph.springernature.com/things/product-market-codes/H33160
|
| 650 |
2 |
4 |
|a Radiotherapy.
|0 http://scigraph.springernature.com/things/product-market-codes/H29056
|
| 710 |
2 |
|
|a SpringerLink (Online service)
|
| 773 |
0 |
|
|t Springer eBooks
|
| 776 |
0 |
8 |
|i Printed edition:
|z 9789811066580
|
| 776 |
0 |
8 |
|i Printed edition:
|z 9789811066603
|
| 776 |
0 |
8 |
|i Printed edition:
|z 9789811338885
|
| 856 |
4 |
0 |
|u https://doi.org/10.1007/978-981-10-6659-7
|z Full Text via HEAL-Link
|
| 912 |
|
|
|a ZDB-2-SME
|
| 950 |
|
|
|a Medicine (Springer-11650)
|